Dobývanie mocného uhoľného sloja v ULB

Bibliographic Details
Main Author: Vala, Tadeáš (Author)
Format: Article
Language:Slovak
PhysicalDescription:Obr. 1.
Subjects:

MARC

LEADER 00000nab a2200000 a 4500
001 vtls000080623
003 SK-MaSNL
005 20260304032127.0
008 111103c1981 xo 0 slo
015 |a SNBRB19rr/mm-uuuuu 
035 |a CL0090724 
040 |a SNKBUCL  |b slo  |c SNKBUCL  |e AACR2 
041 0 |a slo 
044 |a xo  |c SK 
080 |a 622.3  |2 1981 
100 1 |a Vala, Tadeáš  |4 aut  |9 1312607 
245 1 0 |a Dobývanie mocného uhoľného sloja v ULB  |c Tadeáš Vala 
300 |b Obr. 1. 
610 2 7 |a Uhoľné a lignitové bane  |2 SNKKA  |9 155041 
650 0 7 |a baníctvo  |2 snkbucl  |9 3571 
650 0 7 |a uhoľné sloje  |2 snkbucl  |9 133365 
651 7 |a 5308  |2 snkbucl  |9 279395 
655 7 |a články z novín a časopisov  |2 snkbucl  |9 267496 
773 0 |t Technické noviny  |g Roč. 29, č. 11 (1981), s. 6 
850 |a Slovenská národná knižnica v Martine  |a MTA001 
852 |a SNK  |b KIS3GCP 
958 |a RK 
992 |a RBX 
999 |c 2641421  |d 2643351